000 01623nam0a22003251 4500
001 rc\3529311
005 20260407122928.0
021 _aRU
_b73-ОЭ-3341/14
021 _aRU
_bРг11198-73
035 _a(NLR Aleph) 007627485
090 _a5987199
_c5987199
100 _a20130115d1973 |||y0rusy50 ca
101 0 _arus
102 _aRU
105 _ay z |||a|
200 1 _aВеликий русский драматург-демократ А.Н. Островский
_e(К 150-летию со дня рождения)
_eМетод. рекомендации лекторам
_fОдес. обл. организация о-ва "Знание". Науч.-метод. совет по пропаганде литературы и искусства
210 _aОдесса
_cБ. и.
_d1973
215 _a14 с.
_d20
300 _aВ вып. дан. сост.: канд. филол. наук, доц. В.А. Фабианская
320 _aБиблиогр.: с. 13-14
532 1 0 _aВеликий русский драматург-демократ Александр Николаевич Островский
702 1 _4570
_8rus
_7ca
_aОстровский
_bА. Н.
_cдраматург
_f1823-1886
_gАлександр Николаевич
_3RU\NLR\AUTH\776244
_9116199
702 1 _aФабианская
_bВ.А.
_4220
712 0 2 _a"Знание", общество УССР
_cКиев
_bОдесское областное отделение
_3RU\NLR\AUTH\889960568
_9417415
801 0 _aRU
_bNLR
_gpsbo
801 1 _aRU
_bELAR
_2rusmarc
852 _aNLR
_j73-4/19280
942 _cBOOK
980 _aNB